LDR 00786naa#a2200217#i#450# 001 EN\\bibl\119992 005 20260704044323.6 011 ## _a2500-4026 100 ## _a20201231b2020####ek#y0engy0150####ca 101 0# _aRUS 102 ## _aRU 200 1# _aANALYSIS OF ACCIDENTS AND DEVELOPMENT OF A FIRE HAZARD SITUATION ON AN OIL TANKER _eJournal article 210 1# _aZheleznogorsk _cFSBEE HE Siberian Fire and Rescue Academy EMERCOM of Russia _d2020 215 ## _a5 с. 608 ## _aJournal article _2local 675 ## _aУправление грузовыми перевозками. 656.073 _aАварии вследствие пожара. 656.085.5 _zRUS 700 #1 _aKalach _gA V 700 #1 _aSHarapov _gS V 700 #1 _aKrutolapov _gA S 700 #1 _aDemekhin _gF V 856 4# _aapbt-sibpsa.editorum.ru _u